000 00355nam a22001457a 4500
005 20251108170635.0
008 250721s1961 xx 000 0 eng d
082 1 4 _aF/W
100 1 _aWang, E.Te- Chen
245 1 0 _aLadies of the Tang /
264 1 _aTaipei :
_bHeritage press,
_c1961.
650 1 7 _aEnglish Fiction
942 _2ddc
_cBK
999 _c45483
_d45483